000 00513nam a2200193Ia 4500
003 OSt
005 20250122143247.0
008 210716s1989 xx 000 0 und d
020 _a0312923392
040 _cAIMIT LIBRARY
041 _aeng
082 _a808.83
_21
_bRICM
100 _aRich, Meredith.
_9194574
245 _aBijoux /
_cBy Meredith Rich.
250 _a1st ed.
260 _aNew York :
_bSt Martins Press Inc ;
_c1989.
300 _a439p. ;
_bPB
_c16 cm.
942 _2ddc
_cBK
_e1st ed.
_k808.83 RICM
999 _c199976
_d199976